000 00541nam a2200217Ia 4500
001 892
003 GE_BSU
008 181216s||||||||xx |||||||||||||| ||und||
020 _a97854690004486
040 _cGE_BSU
080 _a159.9.018
100 _aГрецов,А.
245 _aТренинг общения для подростков.
260 _aСПБ
260 _bПитер
260 _c2009
300 _a180 с.
541 _h5 л.
653 _aТренинг общения для подростков
942 _cBK
999 _c35052
_d35052